00225nam a2200085Ia 4500008004100000100002500041245003700066260002700103300000900130201216s9999 xx 000 0 und d aMitchel, James (Ed.) 0a(The) Random House Encyclopaedia aNew YorkbRandom House a2918